| 000 | 00718nam1a22002291i 4500 | ||
|---|---|---|---|
| 001 | rc\2943610 | ||
| 005 | 20240723220411.0 | ||
| 035 | _a(NLR Aleph) 007092076 | ||
| 090 |
_a6584354 _c6584354 |
||
| 100 | _a20050405d1939 |||y0rusy50 ca | ||
| 101 | 0 | _arus | |
| 102 | _aRU | ||
| 105 | _ay z ||||y | ||
| 200 | 1 |
_aТавриз туманный _eРоман _eКн. 1- _fМ.С. Ордубады _gПод ред. Азиза Шарифа |
|
| 210 |
_aБаку _cАзернешр _d1939 |
||
| 215 | _d17 см | ||
| 700 | 1 |
_aОрдубады _bМ.С. _f1872-1950 _gМамед Санд |
|
| 702 | 1 |
_aШариф _bА. _gАзиз _4340 |
|
| 801 | 0 |
_aRU _bNLR _gpsbo |
|
| 801 | 1 |
_aRU _bELAR _2rusmarc |
|
| 852 |
_aNLR _j39-16/54(1) |
||
| 942 | _cBOOK | ||